000 01102nmm a2200289 a 4500
001 ocm000906649
003 TR-IsHL
005 20201028145106.0
008 141201s2009 tu tur
007 cr cn
020 _a9786056123702
035 _a906649
_b(N$T)
050 0 4 _aHC493
_b.O861 2009
090 0 4 _aHC493
_b.O861 2009
245 1 0 _aOsmaniye ili SWOT analizi
_h[electronic resource] /
_cSWOT analizi proje yürütücüleri, Orhan Büyükalaca, Aykut Gül ; SWOT analizi proje araştırmacıları, İ. Efe Efeoğlu ...[ve öte.]
260 _aOsmaniye :
_bOsmaniye Korkut Ata Üniversitesi Yayınları,
_c2009
300 _a75 p.
650 4 _aEkonomi ve Finans
650 4 _aEconomics and Finance
650 0 _aOsmaniye (Türkiye)
_x Ekonomik koşullar
650 0 _aOsmaniye (Turkey)
_x Economic conditions
650 7 _aBUSINESS & ECONOMICS / Economic Conditions
_2bisacsh
700 1 _aBüyükalaca, Orhan
700 1 _aGül, Aykut
700 1 _aEfeoğlu, İ. Efe
856 4 0 _uhttp://search.ebscohost.com/login.aspx?direct=true&scope=site&db=e011xww&AN=906649
999 _c9777
_d9777